| 000 | 00784nam a22001577a 4500 | ||
|---|---|---|---|
| 003 | OSt | ||
| 005 | 20230313170137.0 | ||
| 008 | 151112b xxu||||| |||| 00| 0 eng d | ||
| 040 | _cRUA | ||
| 082 |
_aFOR _2CHA 2008 B135 Or.1 |
||
| 100 |
_93609 _aCHANTHY, SOMETA. |
||
| 245 | _aStudy on non-timber forest products her barium in chamkar preysne community forestry kampong chhnang province, ការសិក្សាពីការសំងួត និងថែរក្សាសំណាករុក្ខជាតិពីអនុផលព្រៃឈើនៅសហគមន៍ព្រៃឈើចំការព្រៃស្នេហ៍ ខេត្តកំពង់ឆ្នាំង | ||
| 260 |
_aPhnom Penh _bRUA _c2008 |
||
| 300 |
_ax; 56p. _bill. _c29cm. |
||
| 942 |
_2ddc _cFOR |
||
| 999 |
_c3360 _d3360 |
||